All Call of Duty Modern Warfare Missions (1, 2 and 3) - Statistics

General Stats
  • This quiz has been taken 191 times
  • The average score is 24 of 57
Answer Stats
Hint Answer % Correct
MW2 Act 1 No Russian
77%
MW1 Prologue FNG
68%
MW1 Act 2 All Ghillied Up
61%
MW1 Act 1 Charlie Don't Surf
58%
MW2 Act 2 Wolverines
58%
MW1 Epilogue Mile High Club
57%
MW2 Act 3 Loose Ends
56%
MW2 Act 2 The Gulag
56%
MW2 Act 1 Cliffhanger
55%
MW1 Prologue Crew Expendable
55%
MW2 Act 1 SSDD
55%
MW2 Act 3 Endgame
53%
MW1 Act 1 War Pig
53%
MW2 Act 2 The Only Easy Day Was Yesterday
52%
MW2 Act 3 Whiskey Hotel
52%
MW2 Bonus Museum
51%
MW3 Act 1 Black Tuesday
50%
MW1 Act 2 One Shot One Kill
50%
MW1 Act 1 Shock and Awe
49%
MW1 Act 1 The Bog
47%
MW3 Act 3 Dust to Dust
46%
MW1 Act 3 No Fighting in the War Room
46%
MW1 Act 1 Aftermath
44%
MW1 Act 3 Game Over
44%
MW2 Act 1 Takedown
44%
MW1 Act 1 Blackout
43%
MW2 Act 3 The Enemy of My Enemy
43%
MW3 Act 2 Blood Brothers
42%
MW1 Act 1 Death From Above
42%
MW1 Act 2 Heat
42%
MW1 Prologue The Coup
42%
MW2 Act 2 The Hornet's Nest
42%
MW2 Act 3 Contingency
41%
MW1 Act 1 Hunted
41%
MW1 Act 2 Safehouse
39%
MW2 Act 2 Exodus
38%
MW2 Act 3 Second Sun
38%
MW3 Act 3 Down the Rabbit Hole
37%
MW1 Act 2 The Sins of the Father
37%
MW3 Act 1 Persona Non Grata
36%
MW2 Act 1 Team Player
36%
MW3 Act 1 Prologue
35%
MW1 Act 3 Ultimatum
35%
MW2 Act 3 Just Like Old TImes
34%
MW3 Act 1 Mind the Gap
33%
MW3 Act 2 Iron Lady
31%
MW2 Act 2 Of Their Own Accord
30%
MW1 Act 3 All In
29%
MW3 Act 1 Turbulence
29%
MW3 Act 1 Back on the Grid
27%
MW3 Act 1 Hunter Killer
27%
MW3 Act 3 Scorched Earth
25%
MW3 Act 2 Goalpost
24%
MW3 Act 2 Bag and Drag
22%
MW3 Act 2 Return to Sender
22%
MW3 Act 3 Stronghold
22%
MW3 Act 2 Eye of the Storm
19%
No matching quizzes found
Score Distribution
Percent of People with Each Score
Percentile by Number Answered
Your Score History
You have not taken this quiz